Statistics for Miley Cyrus - Muddy Feet (feat. Sia) (Lyrics)

Click here to take the quiz!

General Stats

  • This quiz has been taken 26 times
  • The average score is 234 of 252

Answer Stats

Answer% Correct
do
100%
do)
100%
don't
100%
feet
100%
Get
100%
get
100%
hell
100%
I
100%
know
100%
muddy
100%
my
100%
out
100%
the
100%
to
100%
Who
100%
you
100%
You
100%
your
100%
you're
100%
all
93%
and
93%
And
93%
been
93%
'bout
93%
closing
93%
didn't
93%
fuck
93%
house
93%
I'ma
93%
life
93%
like
93%
messin'
93%
of
93%
perfume
93%
shit
93%
smell
93%
So
93%
some
93%
that
93%
think
93%
with
93%
With
93%
Yeah
93%
Always
87%
Back
87%
bed
87%
comin'
87%
(Comin'
87%
curtains
87%
forth
87%
head
87%
it
87%
keep
87%
killed
87%
Now
87%
other
87%
purchase
87%
questioning
87%
roses
87%
'round
87%
something
87%
why
87%
You've
87%
you've
87%
closes
80%
door
80%
(What
80%
when
80%
about
73%
watered
73%
baby)
67%
have
67%
weeds
60%
arrives
47%
(Uh-uh)
47%
Worthy
47%

Score Distribution

Percentile by Number Answered

Percent of People with Each Score

Your Score History

You have not taken this quiz